banner koha

Pedogenesis of high-mountain soils from Serra da Mantiqueira, Brazil (Registro n. 298347)

MARC details
000 -LÍDER
fixed length control field 04851nab a2200337 i 4500
003 - CÓDIGO MARC DA AGÊNCIA CATALOGADORA
Campo de controle BR-BrBNA
005 - DATA E HORA DA ÚLTIMA ATUALIZAÇÃO
Campo de controle 20240122164052.0
008 - CAMPO DE TAMANHO FIXO
fixed length control field 240122b2022 bl.ar|pooa||| 00| 0 eng |
040 ## - FONTE DA CATALOGAÇÃO
Agência catalogadora BR-BrBNA
Idioma da catalogação eng
072 ## - CATEGORIA AGRIS
Código AGRIS P32
072 ## - CATEGORIA AGRIS
Código AGRIS P33
100 ## - ENTRADA PRINCIPAL - NOME PESSOAL
Nome pessoal Silva, Rafael Cipriano da
100 ## - ENTRADA PRINCIPAL - NOME PESSOAL
Nome pessoal Azevedo, Antonio Carlos de
100 ## - ENTRADA PRINCIPAL - NOME PESSOAL
Nome pessoal Pinheiro Junior, Carlos Roberto
100 ## - ENTRADA PRINCIPAL - NOME PESSOAL
Nome pessoal Silva Neto, Eduardo Carvalho da
100 ## - ENTRADA PRINCIPAL - NOME PESSOAL
Nome pessoal Ziviani, Melania Merlo
100 ## - ENTRADA PRINCIPAL - NOME PESSOAL
Nome pessoal Pereira, Marcos Gervasio
245 ## - TÍTULO PRINCIPAL
Título principal Pedogenesis of high-mountain soils from Serra da Mantiqueira, Brazil
500 ## - NOTA GERAL
Nota geral Publicação online; 36 ref.; 5 tables; 3 illus.; Summaries (En, Pt)
942 ## - ADDED ENTRY ELEMENTS (KOHA)
Koha item type
520 ## - NOTA DE RESUMO
Nota de conteúdo <br/><br/>ABSTRACT - In the Serra da Mantiqueira region the pedogenetic studies contribute to both the understanding of past events and supporting the conservation of natural resources. This study aimed to characterize the soils from the Minas Gerais highmountains region to evaluate the influence of paleoenvironmental conditions on pedogenesis. Five profiles were selected and characterized for morphological, physical and chemical properties. Isotopic analyses of 13C were performed in soil samples collected at depths of 10, 20, 30, 40, 50, 60, 80 and 100 cm; except in P2, which was collected up to 60 cm deep. Erratic distribution of the particle-size fractions and C contents highlight the sedimentary nature of the profiles, resulting from the erosive action favored by the relief. High organic C content in subsurface and its accumulation in the surface were observed in the profi les, which suggests the occurrence of the melanization process. In the profi les P2, P4 and P5 (Cambissolos/ Cambisols) the brownish color indicates the xanthization process, while in P1 (Argissolo/ Lixisol), is highlighted the process of eluviation and illuviation resulting in the increase of clay in subsurface and presence of clay films. In P3 (Latossolo/ Ferralsol), the low values of sum of bases, silica removal and SiO2/Al2O3 ratio (ki index) values below 1.0 point to the advanced weathering and the allitization process. The variation in the isotopic signature of δ13C indicates a drier past condition, with mixed vegetation, with gradual change of vegetation with predominant C3 photosynthetic pathway. In P1 and P4, the decrease in the contents of δ13C in surface results from anthropic action. <br/><br/><br/>Key words: Pedoenvironment. Altitude soils. Carbon. Humic horizon.
520 ## - NOTA DE RESUMO
Nota de conteúdo <br/><br/>RESUMO - Na região da Serra da Mantiqueira os estudos pedogenéticos podem contribuir tanto para o entendimento de eventos pretéritos como para auxiliar na conservação dos recursos naturais. Este estudo objetivou caracterizar solos de região altomontana de Minas Gerais para avaliar a influência das condições paleoambientais na pedogênese. Cinco perfi s foram selecionados e caracterizados quanto aos atributos morfológicos, físicos e químicos. Análises isotópicas de 13C foram realizadas em amostras de solo coletadas nas profundidades de 10, 20, 30, 40, 50, 60, 80 e 100 cm; exceto em P2, que foi coletado até 60 cm de profundidade. A distribuição errática das frações granulométricas e de C evidenciam a natureza sedimentar dos solos, resultado da ação erosiva condicionada pelo relevo. Nos perfi s P2, P4 e P5 (Cambissolos/Cambisols) a coloração brunada indica o processo de xantização, enquanto no perfil P1 (Argissolo/Lixisol) é evidenciado o processo de eluviação e iluviação, resultando no incremento de argila em profundidade e pela presença de cerosidade. Em P3 (Latossolo/Ferralsol) os pequenos valores de soma de bases, remoção de sílica e valores da razão SiO2/Al2O3 (índice ki) inferiores a 1,0 evidenciam o intemperismo avançado e o processo de alitização. Nos perfis verifica-se elevados teores de C orgânico em profundidade e acúmulo superfi cial, o que sugere a ocorrência do processo de melanização. A variação na assinatura isotópica do δ13C indica uma condição pretérita mais seca, com vegetação mista, com mudança gradual de vegetação com via fotossintética predominante C3. Em P1 e P4, a diminuição dos teores de δ13C em superfície é resultado da ação antrópica.<br/><br/><br/>Palavras-chave: Pedoambiente. Solos de altitude. Carbono. Horizonte húmico.
650 ## - ASSUNTO - THESAGRO
Cabeçalho tópico ou nome geográfico CLASSIFICAÇÃO DO SOLO
650 ## - ASSUNTO - THESAGRO
Cabeçalho tópico ou nome geográfico ANÁLISE DO SOLO
650 ## - ASSUNTO - THESAGRO
Cabeçalho tópico ou nome geográfico ALTITUDE
650 ## - ASSUNTO - THESAGRO
Cabeçalho tópico ou nome geográfico CARBONO
650 ## - ASSUNTO - THESAGRO
Cabeçalho tópico ou nome geográfico MINAS GERAIS
773 0# - ENTRADA ANALÍTICA
Host Biblionumber 4290
Registro do item 275632
Imprenta Fortaleza-CE Universidade Federal do Ceará. Centro de Ciências Agrárias 2002
Outro identificador 2023-437432
Título Revista Ciência Agronômica (Brazil)
ISSN 0045-6888; 1806-6690 (on-line)
Colação v. 53 p. 1-15; (2022)
Número de controle de registro BR2023002261
856 ## - ACESSO E ENDEREÇO ELETRÔNICO
Identificador uniforme de recurso - URI https://www.scielo.br/j/rca/a/CcxB3SMXLBRjwm7xmQbZ96J/?format=pdf&lang=en

Nenhum exemplar disponível.

BINAGRI

Telefone: (61)3218-2567/2388/3357/2097 - binagri@agro.gov.br

Ministério da Agricultura e Pecuária , Esplanada dos Ministérios, Bloco D, Anexo B, Brasília/DF, CEP: 70.043-900